[Event "US Denker op 120th"]
[Site "Orlando"]
[Date "2019.08.03"]
[Round "1"]
[White "Stevens, Matthew J"]
[Black "Hamley, Ryan"]
[Result "1/2-1/2"]
[WhiteElo "2306"]
[BlackElo "2005"]
[PlyCount "69"]
[EventDate "2019.08.03"]
[EventType "swiss"]
[EventRounds "6"]
[EventCountry "USA"]
[SourceTitle "EXT 2020"]
[Source "ChessBase"]
[SourceDate "2019.10.17"]
[SourceVersion "1"]
[SourceVersionDate "2019.10.17"]
[SourceQuality "1"]

1. c4 e5 2. e3 Nf6 3. a3 d5 4. cxd5 Nxd5 5. Nf3 Bd6 6. Nc3 Nxc3 7. bxc3 c5 8. d4 cxd4 9. cxd4 Nc6 10. dxe5 Nxe5 11. Bb5+ Bd7 12. Qxd6 Qa5+ 13. Bd2 Nxf3+ 14. gxf3 Qxb5 15. Bb4 0-0-0 16. Qc5+ Qxc5 17. Bxc5 Bc6 18. Rg1 g6 19. f4 b6 20. Bd4 Rhe8 21. Kd2 Kb7 22. h4 Rd5 23. Rg5 h6 24. Re5 Rdxe5 25. fxe5 Be4 26. Rg1 Rc8 27. Bc3 h5 28. Rg3 Rd8+ 29. Ke2 Rc8 30. Bd2 Rc5 31. f3 Bf5 32. f4 Be4 33. Rg1 Kc6 34. Rc1 Rxc1 35. Bxc1 1/2-1/2

[Event "Chicago Clark Street Capital op"]
[Site "Chicago"]
[Date "2017.04.13"]
[Round "3"]
[White "Meduri, Aakaash"]
[Black "Stevens, Matthew J"]
[Result "1-0"]
[WhiteElo "2042"]
[BlackElo "2049"]
[PlyCount "83"]
[EventDate "2017.04.12"]
[EventType "swiss"]
[EventRounds "9"]
[EventCountry "USA"]
[SourceTitle "CBM 177 Extra"]
[Source "ChessBase"]
[SourceDate "2017.04.27"]
[SourceVersion "1"]
[SourceVersionDate "2017.04.27"]
[SourceQuality "1"]

1. d4 d5 2. Nf3 c6 3. Bg5 h6 4. Bh4 Qb6 5. Qc1 Bf5 6. Nbd2 e6 7. c4 Nd7 8. c5 Qa5 9. a3 Be7 10. e3 Qd8 11. Bg3 Ngf6 12. h3 0-0 13. Be2 Ne4 14. Nxe4 Bxe4 15. 0-0 Bf6 16. b4 a5 17. b5 Re8 18. Qc3 Rc8 19. b6 Bxf3 20. Bxf3 Ra8 21. Bc7 Qe7 22. Bd6 Qd8 23. Bc7 Qc8 24. Bg4 g6 25. f4 Bg7 26. Bf3 f5 27. g4 Nf6 28. Ra2 Kh7 29. Rg2 Ne4 30. Qe1 Qd7 31. Kh1 Bf6 32. Rfg1 Qe7 33. gxf5 gxf5 34. Bh5 Rg8 35. Bg6+ Kh8 36. Qe2 Bg7 37. Qh5 Nf6 38. Qh4 Rac8 39. Bd6 Qd7 40. Be5 Rcf8 41. Rg5 Qe7 42. Rh5 1-0

[Event "Chicago Clark Street Capital op"]
[Site "Chicago"]
[Date "2017.04.12"]
[Round "1"]
[White "Li, Zhaozhi"]
[Black "Stevens, Matthew J"]
[Result "1-0"]
[WhiteElo "2359"]
[BlackElo "2049"]
[PlyCount "87"]
[EventDate "2017.04.12"]
[EventType "swiss"]
[EventRounds "9"]
[EventCountry "USA"]
[SourceTitle "CBM 177 Extra"]
[Source "ChessBase"]
[SourceDate "2017.04.27"]
[SourceVersion "1"]
[SourceVersionDate "2017.04.27"]
[SourceQuality "1"]

1. e4 c6 2. Nf3 d5 3. Nc3 Bg4 4. h3 Bxf3 5. Qxf3 e6 6. d3 Nf6 7. Bd2 Qb6 8. 0-0-0 d4 9. Ne2 Bb4 10. Bxb4 Qxb4 11. g4 Na6 12. g5 Nd7 13. h4 Qd6 14. Kb1 Nac5 15. c3 dxc3 16. Nxc3 e5 17. Bh3 Ne6 18. Bxe6 fxe6 19. Qg3 c5 20. Ne2 0-0-0 21. d4 Qa6 22. Rhe1 cxd4 23. Nxd4 Kb8 24. Nb3 Ka8 25. Rd2 Nb6 26. Rc2 Qb5 27. Rc5 Qb4 28. Rcc1 Qb5 29. Rc3 Rd7 30. Rec1 Rf8 31. Nc5 Rd2 32. Nb3 Rdd8 33. Qe3 Rc8 34. Nc5 Rc6 35. b3 Rfc8 36. f3 Qb4 37. R3c2 Qb5 38. h5 a5 39. a4 Qb4 40. h6 gxh6 41. gxh6 Rg8 42. Na6 bxa6 43. Rxc6 Nxa4 44. Rxa6+ 1-0